书目信息 |
| 题名: |
儿童经典诗文唱游
|
|
| 作者: | ;国学编写组 编著 | |
| 分册: | 一 | |
| 出版信息: | 上海 上海教育出版社 2017 |
|
| 页数: | 42页 | |
| 开本: | 23cm | |
| 丛书名: | ||
| 单 册: | ||
| 中图分类: | J642.6 | |
| 科图分类: | ||
| 主题词: | 儿童歌曲--中国--现代--选集 | |
| 电子资源: | ||
| ISBN: | 978-7-5444-7452-8 | |
| 000 | 00960nam0 2200217 450 | |
| 001 | 6105 | |
| 005 | 20180530170225.06 | |
| 010 | @a978-7-5444-7452-8@dCNY29.80 | |
| 100 | @a20170328d2017 em y0chiy0110 ea | |
| 101 | 0 | @achi |
| 102 | @aCN@b310000 | |
| 105 | @ay z 000yy | |
| 200 | 1 | @a儿童经典诗文唱游@9er tong jing dian shi wen chang you@h一@f国学编写组编著 |
| 210 | @a上海@c上海教育出版社@d2017 | |
| 215 | @a42页@d23cm | |
| 330 | @a本书收录《尊敬长者歌》《爷爷是老宝贝》《行为举止歌》《生活习惯歌》《三字经——人之初》等经典诗文,主要内容是“尊敬长辈”、“诚信从善”、“文明礼貌”、“团结友爱”等。在本册歌曲中,通过对孩子日常生活中的一些行为习惯,让孩子在快乐的歌声中受到良好品德的教育,从而促进孩子健康人格的形成,使孩子们成为一个知礼、懂礼、行孝、感恩、文明的现代人。 | |
| 606 | 0 | @a儿童歌曲@y中国@z现代@j选集 |
| 690 | @aJ642.6@v5 | |
| 711 | 02 | @a国学编写组@9guo xue bian xie zu@4编著 |
| 801 | 0 | @aCN@b91CIP@c20170328 |
| 905 | @aMuseLib@dJ642.6@e267:1 | |
| 儿童经典诗文唱游.一/国学编写组编著.-上海:上海教育出版社,2017 |
| 42页;23cm |
| ISBN 978-7-5444-7452-8:CNY29.80 |
| 本书收录《尊敬长者歌》《爷爷是老宝贝》《行为举止歌》《生活习惯歌》《三字经——人之初》等经典诗文,主要内容是“尊敬长辈”、“诚信从善”、“文明礼貌”、“团结友爱”等。在本册歌曲中,通过对孩子日常生活中的一些行为习惯,让孩子在快乐的歌声中受到良好品德的教育,从而促进孩子健康人格的形成,使孩子们成为一个知礼、懂礼、行孝、感恩、文明的现代人。 |
| ● |
| 相关链接 |
|
|
|
|
正题名:儿童经典诗文唱游
索取号:J642.6/267:1
 
预约/预借
| 序号 | 登录号 | 条形码 | 馆藏地/架位号 | 状态 | 备注 |
| 1 | 1116000 | 211160009 | 第一样本阅览室/ [索取号:J642.6/267:1] | 在馆 | |
| 2 | 1116001 | 211160018 | 教育系资料室/ [索取号:J642.6/267:1] | 在馆 | |
| 3 | 1116002 | 211160027 | 教育系资料室/ [索取号:J642.6/267:1] | 在馆 |